000 00564nam a2200193Ia 4500
003 OSt
005 20251118144855.0
008 210210b1951 xxu||||| |||| 00| 0 eng d
040 _cAL
041 _aKannada
082 _a453/9
100 _aSHANKARANARAYANARAV
_986061
_dಶಂಕರನಾರಾಯಣರಾವ್
245 _aKannada nighantu
_bಕನ್ನಡ ನಿಘಂಟು
260 _aMangalore
_bThe Mangalore Trading Association,
_c1951
690 _aKannada Dictionary
_986062
700 _aItararu
_986063
906 _a006764
942 _2ddc
_cBK
999 _c140845
_d140845